Largest Kanto Pokémon - Statistics

General Stats
  • This quiz has been taken 82 times
  • The average score is 13 of 20
Answer Stats
Height Pokémon % Correct
6’11” Snorlax
87%
28’10” Onix
84%
7’03” Dragonite
83%
7’07” Mega Mewtwo X
81%
6’07” Mewtwo
81%
21’04” Gyarados
79%
21’04” Mega Gyarados
79%
13’01” Dragonair
71%
7’10” Mega Venusaur
68%
6’07” Moltres
68%
6’07” Venusaur
68%
11’06” Arbok
67%
35’09” Alolan Exeggutor
60%
6’07” Exeggutor
59%
6’07” Ekans
56%
7’03” Kangaskhan
54%
8’02” Lapras
54%
7’03” Mega Kangaskhan
54%
6’03” Rhydon
54%
6’03” Arcanine
41%
No matching quizzes found
Score Distribution
Percent of People with Each Score
Percentile by Number Answered
Your Score History
You have not taken this quiz